000 00405nam a22001697a 4500
003 MPLRDC
005 20220104123638.0
008 210129b ||||| |||| 00| 0 eng d
082 _a411.1 QWZS
100 _a不详
245 _a消除疲劳治百病
_c
260 _a
_b新企业图书出版社
_c
300 _b
490 _a趣味知识丛书
650 _a健康法
942 _cBK
_o411.1 QWZS
999 _c13049
_d13039